The essentials of factor analysis / (Record no. 144614)

MARC details
000 -LEADER
fixed length control field 00566nam a2200217 a 4500
008 - FIXED-LENGTH DATA ELEMENTS--GENERAL INFORMATION
fixed length control field
020 ## - INTERNATIONAL STANDARD BOOK NUMBER
International Standard Book Number 0304323314 (pbk.)
049 ## - LOCAL HOLDINGS (OCLC)
Holding library MAIN
090 ## - LOCALLY ASSIGNED LC-TYPE CALL NUMBER (OCLC); LOCAL CALL NUMBER (RLIN)
Classification number (OCLC) (R) ; Classification number, CALL (RLIN) (NR) QA278.5
003 - CONTROL NUMBER IDENTIFIER
control field
005 - DATE AND TIME OF LATEST TRANSACTION
control field 20230123133216.0
040 ## - CATALOGING SOURCE
Transcribing agency NUST
100 1# - MAIN ENTRY--PERSONAL NAME
Personal name Child, Dennis.
245 14 - TITLE STATEMENT
Title The essentials of factor analysis /
Statement of responsibility, etc. Dennis Child.
250 ## - EDITION STATEMENT
Edition statement 2nd ed.
260 ## - PUBLICATION, DISTRIBUTION, ETC.
Place of publication, distribution, etc. London :
Name of publisher, distributor, etc. Cassell,
Date of publication, distribution, etc. 1990.
300 ## - PHYSICAL DESCRIPTION
Extent viii, 120 p.
650 #0 - SUBJECT ADDED ENTRY--TOPICAL TERM
Topical term or geographic name entry element Factor analysis.
907 ## - LOCAL DATA ELEMENT G, LDG (RLIN)
a .b10045521
b 19-11-03
c 17-04-03
942 ## - ADDED ENTRY ELEMENTS (KOHA)
Koha item type Ordinary Loan Books
Call number prefix QA278.5
Holdings
Date last seen Total Checkouts Full call number Barcode Cost, replacement price Price effective from Koha item type Lost status Source of classification or shelving scheme Damaged status Not for loan Collection Withdrawn status Home library Current library Shelving location Date acquired Cost, normal purchase price
01/23/2023   QA278.5 CHI 92003014371 80.00 01/23/2023 BOOKS   LCC     NFIC   MAIN MAIN GEN 01/23/2023 80.00